Процесс инноваций и коммерциализации с точки зрения технического, рыночного и маркетингового подходов; Информационные технологии в науке, управлении, социальной сфере и медицине; Ч. 2

Dettagli Bibliografici
Parent link:Информационные технологии в науке, управлении, социальной сфере и медицине: сборник научных трудов III Международной научной конференции, 23-26 мая 2016 г., Томск.— , 2016
Ч. 2.— 2016.— [С. 398-402]
Autore principale: Дудникова А. В.
Ente Autore: Национальный исследовательский Томский политехнический университет (ТПУ)
Riassunto:Заглавие с титульного экрана
The commercialization of innovations takes оne of the main places in the innovation process. Innovation must enter the market and should be profitable. Precisely this point is problematic. Commercialization of innovations is uniquely linked to innovation activities and defines it as a process in which the scientific result or technological development is implemented to produce a commercial effect. Today's submission about the process of innovation and commercialization significantly reduce the potential of this significant market process, and do not allow developing the potential of marketing, thereby reducing the efficiency of the innovation process, so a combination of technical, market and marketing approaches plays an important role in the process of innovation and commercialization.
Lingua:russo
Pubblicazione: 2016
Serie:Информационные технологии и моделирование в маркетинге
Soggetti:
Accesso online:http://earchive.tpu.ru/handle/11683/31505
Natura: MixedMaterials Elettronico Capitolo di libro
KOHA link:https://koha.lib.tpu.ru/cgi-bin/koha/opac-detail.pl?biblionumber=619774

MARC

LEADER 00000naa2a2200000 4500
001 619774
005 20231101133058.0
035 |a (RuTPU)RU\TPU\conf\18210 
035 |a RU\TPU\conf\18209 
090 |a 619774 
100 |a 20160831d2016 k y0rusy50 ca 
101 0 |a rus 
102 |a RU 
105 |a y z 101zy 
135 |a drgn ---uucaa 
181 0 |a i  
182 0 |a b 
200 1 |a Процесс инноваций и коммерциализации с точки зрения технического, рыночного и маркетингового подходов  |d Process of innovation and commercialization in terms of technical, market and marketing approaches  |f А. В. Дудникова 
203 |a Текст  |c электронный 
225 1 |a Информационные технологии и моделирование в маркетинге 
230 |a 1 компьютерный файл (pdf; 473 Kb) 
300 |a Заглавие с титульного экрана 
320 |a [Библиогр.: с. 402 (3 назв.)] 
330 |a The commercialization of innovations takes оne of the main places in the innovation process. Innovation must enter the market and should be profitable. Precisely this point is problematic. Commercialization of innovations is uniquely linked to innovation activities and defines it as a process in which the scientific result or technological development is implemented to produce a commercial effect. Today's submission about the process of innovation and commercialization significantly reduce the potential of this significant market process, and do not allow developing the potential of marketing, thereby reducing the efficiency of the innovation process, so a combination of technical, market and marketing approaches plays an important role in the process of innovation and commercialization. 
461 1 |0 (RuTPU)RU\TPU\conf\17281  |t Информационные технологии в науке, управлении, социальной сфере и медицине  |o сборник научных трудов III Международной научной конференции, 23-26 мая 2016 г., Томск  |o в 2 ч.  |d 2016 
463 1 |0 (RuTPU)RU\TPU\conf\17287  |t Ч. 2  |f Национальный исследовательский Томский политехнический университет (ТПУ) ; под ред. О. Г. Берестневой [и др.]  |v [С. 398-402]  |d 2016 
510 1 |a Process of innovation and commercialization in terms of technical, market and marketing approaches  |z eng 
610 1 |a труды учёных ТПУ 
610 1 |a электронные ресурсы 
610 1 |a инновации 
610 1 |a коммерциализация 
610 1 |a инновационные процессы 
610 1 |a рынок 
610 1 |a маркетинг 
700 1 |a Дудникова  |b А. В. 
712 0 2 |a Национальный исследовательский Томский политехнический университет (ТПУ)  |c (2009- )  |2 stltpush  |3 (RuTPU)RU\TPU\col\15902 
801 2 |a RU  |b 63413507  |c 20160912  |g RCR 
856 4 |u http://earchive.tpu.ru/handle/11683/31505 
942 |c BK